MDQL
is popping MORE tags! Check the
thread
!
Quizzes
Events
Quiz Creation
Community
Videos
Private Events
Remove Ads
Sign In
Join for FREE
Feedback
Dark Mode
Quiz Categories
Sports
Geography
Music
Movies
Television
Just For Fun
Miscellaneous
History
Literature
Language
Science
Gaming
Entertainment
Religion
Holiday
For Kids
Quiz Lab
Recent
Popular Today
Quiz Kudos Today
Editor Picks
Curator Picks
Quizzes by...
Day
Popularity
Type
Ratings
Length
Year
Community
Subscriptions
Recent Discussions
Orange Saloon
Badges
Playlists
Quests
Create
Leaderboards
Showdown
Live 5
Trivia Bingo
Activity
Puzzle Library
Sporcle Events
Private Events
Virtual Trivia
Globe League
Become a Host
Pub Owners
SporcleCon
Opinionation
Our Games
Videos
Blog
Mobile Apps
Partnerships
Remove Ads and Go Orange
Feedback
Science
Computer
Plants
Astronomy
Chemistry
Elements
Math
Animal
Physics
Anatomy
Biology
Geology
General Science
Science
Computer
Plants
Astronomy
Chemistry
Elements
Math
Animal
Physics
Anatomy
Biology
Geology
General Science
Random Quiz
Search Sporcle
×
Quiz Lab
Quiz Lab
Science
Clickable
Select answers by clicking on text or image buttons
Select answers by clicking on text or image buttons
Clickable
Best Score? Go Orange.
Asthma Classification Stats
Can you pick the Asthma Classification?
By
thespleenman
10m
24 Questions
698 Plays
698 Plays
698 Plays
Comments
Comments
Give Quiz Kudos
Give Quiz Kudos
-
- Ratings
hide this ad
Forced Order
Answers have to be entered in order
Answers have to be entered in order
Random Order
Randomize order of answers
Randomize order of answers
Replay
Link that replays current quiz
Next Quiz
Link to next quiz in quiz playlist
You Got
0%
They Got
Avg Score
74%
Avg Friend Score
Upgrade to see
Score Distribution
Jump to the score distribution portion of the page
Score
0/24
Timer
10:00
0
Plays Today
% Correct
Intermittent
85%
Intermittent
84.8%
Intermittent
84.4%
Intermittent
84.2%
Intermittent
83.7%
Intermittent
82.7%
Severe Persistent
81.2%
Severe Persistent
80.7%
Severe Persistent
78.4%
Severe Persistent
78.2%
Severe Persistent
77.8%
Severe Persistent
76.9%
% Correct
Mild Persistent
73.5%
Mild Persistent
70.6%
Moderate Persistent
68.3%
Mild Persistent
68.1%
Mild Persistent
67.8%
Mild Persistent
67.2%
Moderate Persistent
66.9%
Moderate Persistent
66%
Moderate Persistent
66%
Mild Persistent
64.8%
Moderate Persistent
63.9%
Moderate Persistent
63.9%
Quiz Playlist
Details
Report
Send in Message
Add To Playlist
Clickable:
Select answers by clicking on text or image buttons
Forced Order:
Answers have to be entered in order
Random Order:
Randomize order of answers
Last Updated: May 23, 2018
Quiz Scoreboard
CHALLENGE
Sign Up to Join the Scoreboard
Show All
Scores
Hide
Comments
May contain spoilers
Recently Published
Image Sorting: Flags VI
by Barbecue
Geography
2m
Find the 'City' Movie
by crazypaving
Movies
60s
Colored Red Africa Blitz
by spor1
Geography
45s
More to Explore
Quiz From the Vault
Featured Blog Post
14 Easter Pick-up Lines to Find Eggs With
hide this ad
You Might Also Like...
Tags
Clickable Quiz
classification
Today's Top Quizzes in Science
Browse Science
hide this ad
Today's Top Quizzes in Clickable
Browse Clickable
Top Contributed Quizzes in Science
1
Windmill: Elements
2
200 Vogels in Nederland
3
Square Numbers Scrambled (1-50)
4
Count to 60
5
Glycolysis
6
Elements In Images
7
17 TIMES TABLE
8
4-letter Elementary Words III
9
The First 100 Digits of Pi
10
Astronomy Spelling Bee
Explore More
Trending Topics
NBA
Disney
Crossword
Anime
Kpop
Harry Potter
Marvel
Song
WWE
The Office
Country
NFL
Puzzle
Soccer
Pokémon
hide this ad
More By:
thespleenman
Quiz
Plays
Rating
Category
Featured
Created
Hypertension Pharmacology
2,575
4.50
Science
Aug 28, 2013
Diabetes Pharmacology
2,053
Science
Aug 3, 2013
Thyroid Pharmacology
1,440
Science
Aug 1, 2013
Adrenergic Pharmacology
1,091
3.67
Science
Jul 12, 2013
Osteoporosis Pharmacology
817
Science
Aug 1, 2013
Go to Creator's Profile
Score Distribution
Quiz Creator Spotlight
thespleenman
Follow
Send a Message
Quizzes Created
-
Created Quiz Play Count
-
More By This Creator
Popular Quizzes Today
1
Colored Red Africa Blitz
2
Find the US States - No Outlines Minefield
3
Find the 'City' Movie
4
5x2 Blitz: Bands
5
The Countries of the World
6
Find the US States
7
Find the Countries of Europe - No Outlines Minefield
8
US States
More Science Quizzes
Is It in Our Solar System?
Published
Trending Quizzes
Colored Red Europe Blitz I
Colored Red Europe Blitz II
Colored Red Africa Blitz II
Colored Red Europe Blitz III
Colored Red Africa Blitz III
Recently Updated
How Do You Spell That?
pecheneg
Godzilla Movies
pecheneg
Grab Bag: 4-10 Letters
pecheneg
2024 March Madness Bracket
pecheneg
Famous TV Couples
Peacemaker
Champions League XIs: Real Madrid
pecheneg
Largest US Cities 1790-2010
pecheneg
Rides in Walt Disney World
pecheneg
Most Oscar Losses (Acting)
pecheneg
Beyoncé Albums
pecheneg
Trending Topics
Kpop
Marvel
Anime
NBA
Disney
Harry Potter
Crossword
Country
Pokémon
Soccer
NFL
Song
WWE
Puzzle
The Office
Your Account Isn't Verified!
In order to create a playlist on Sporcle, you need to verify the email address you used during registration. Go to your
Sporcle Settings
to finish the process.
Report this User
Report this user for behavior that violates our
Community Guidelines
.
Details:
Send Report
Go to the Sporcle.com Mobile Site →
Comments